| 000 | 00592nam a22002057a 4500 | ||
|---|---|---|---|
| 003 | OSt | ||
| 005 | 20180207192115.0 | ||
| 008 | 150714b xxu||||| |||| 00| 0 eng d | ||
| 020 | _a0070379866 | ||
| 040 | _c040a | ||
| 082 |
_a511.3 _bLIP 1964 |
||
| 100 |
_aLipshutz, Seymour; _92701 |
||
| 245 |
_aSet Theory and Related Topics: _bfunctions, relations, cardinal and ordinal numbers |
||
| 260 |
_aNew York; _bMcGraw-Hill, _c1964 |
||
| 300 |
_aii, 233p; _bill: _c15 cm |
||
| 440 |
_aSchaum's outline series _9721 |
||
| 504 | _aincludes index | ||
| 650 |
_aMathematics _9810 |
||
| 942 |
_2ddc _cSLOAN |
||
| 999 |
_c2148 _d2148 |
||